| 000 | 00893nam a2200241 u 4500 | ||
|---|---|---|---|
| 005 | 20251105063904.0 | ||
| 008 | 140320s2010 r 000 0 eng d | ||
| 020 | _a9788478279647 | ||
| 035 | _aUPN01000196459 | ||
| 049 | _aCG | ||
| 050 | 4 |
_aLC191 _bP3.5 |
|
| 100 | 1 |
_aParcerisa Aran, Artur _929787 |
|
| 245 | 1 | 3 |
_aLa educación social : _buna mirada didáctica : relación, comunicación y secuencias educativas / _cArtur Parcerisa Aran, Núria Giné Freixes, Anna Forés Miravalles. |
| 260 |
_aBarcelona, Esp. : _bGraó, _c2010. |
||
| 300 |
_a149 p. : _bcuadros |
||
| 440 | 0 |
_aCrítica y fundamentos ; _v31. _pAcción comunitaria y socioeducativa |
|
| 650 | 4 |
_aSociología de la educación _94896 |
|
| 650 | 4 |
_aEducación social _913718 |
|
| 700 | 1 |
_aGiné Freixes, Núria, _ecoaut. |
|
| 700 | 1 |
_aForés Miravalles, Anna, _d1966- _ecoaut. _933852 |
|
| 905 | _aLibro | ||
| 999 |
_c168560 _d168560 |
||